[Event "ch-Frankfurt A"]
[Site "Frankfurt"]
[Date "2023.06.12"]
[Round "6"]
[White "Teschler, Ulrich"]
[Black "Held, Bernhard"]
[Result "1/2-1/2"]
[WhiteElo "1966"]
[BlackElo "1856"]
[PlyCount "94"]
[EventDate "2023.04.24"]
[EventType "swiss"]
[EventCountry "GER"]

1. e4 e6 2. d3 d5 3. Nd2 c5 4. f4 Nc6 5. Ngf3 Nf6 6. e5 Ng4 7. Nb3 Qb6 8. h3 c4 9. hxg4 cxb3 10. axb3 Bc5 11. Qe2 Bd7 12. Nd2 Nd4 13. Qd1 Nf5 14. Nc4 dxc4 15. gxf5 Bf2+ 16. Ke2 cxd3+ 17. Qxd3 exf5 18. Be3 Bxe3 19. Qxe3 Bb5+ 20. c4 Bxc4+ 21. bxc4 Qxb2+ 22. Kf3 Qxa1 23. c5 O-O 24. e6 Qd1+ 25. Kf2 Qc2+ 26. Be2 Qe4 27. exf7+ Rxf7 28. Qxe4 fxe4 29. Bc4 Kf8 30. Rxh7 Ke7 31. Bxf7 Kxf7 32. Rh5 a5 33. Ke3 a4 34. Kxe4 a3 35. Rh1 a2 36. Ra1 Ke6 37. f5+ Kd7 38. Kd5 Ra5 39. g4 b6 40. Kd4 bxc5+ 41. Kd5 Ke7 42. g5 c4+ 43. Kxc4 Rxf5 44. Rxa2 Rxg5 45. Rf2 Re5 46. Kd4 Re1 47. Kd5 g6 1/2-1/2

[Event "ch-Frankfurt A"]
[Site "Frankfurt"]
[Date "2023.06.12"]
[Round "6"]
[White "van den Borg, Christiane"]
[Black "Mayer, Rolf"]
[Result "1/2-1/2"]
[WhiteElo "1693"]
[BlackElo "1555"]
[PlyCount "79"]
[EventDate "2023.04.24"]
[EventType "swiss"]
[EventCountry "GER"]

1. d4 d5 2. Nf3 e6 3. e3 Nf6 4. Bd3 Be7 5. O-O O-O 6. b3 b6 7. Bb2 Ba6 8. Nbd2 Bxd3 9. cxd3 Nbd7 10. Ne5 Nxe5 11. dxe5 Nd7 12. Rc1 Rc8 13. Rc6 Nb8 14. Rc2 c5 15. f4 f5 16. exf6 Bxf6 17. Qg4 Qd7 18. Nf3 Nc6 19. Bxf6 Rxf6 20. Nh4 Rcf8 21. Rcf2 Nb4 22. a3 Nc6 23. Qd1 Qc7 24. g4 d4 25. Qe2 h6 26. f5 exf5 27. Nxf5 Kh7 28. g5 Rg6 29. h4 Qe5 30. e4 Re8 31. Kh1 Ne7 32. Nxe7 Rxe7 33. Rg2 Qe6 34. Qf3 a5 35. Qf5 Qxf5 36. Rxf5 Kg8 37. Rgf2 Re8 38. Kh2 hxg5 39. hxg5 Rge6 40. Kh3 1/2-1/2

[Event "ch-Frankfurt A"]
[Site "Frankfurt"]
[Date "2023.06.12"]
[Round "6"]
[White "Vihan, Shourya"]
[Black "Gaertner, Peter"]
[Result "1-0"]
[WhiteElo "1907"]
[BlackElo "1631"]
[PlyCount "85"]
[EventDate "2023.04.24"]
[EventType "swiss"]
[EventCountry "GER"]

1. d4 d5 2. c4 e6 3. Nc3 Nf6 4. cxd5 exd5 5. Bg5 Be7 6. e3 c6 7. Bd3 Nbd7 8. Nge2 O-O 9. Qc2 Re8 10. O-O Nf8 11. Bxf6 Bxf6 12. b4 a6 13. a4 Bd7 14. b5 g6 15. bxa6 bxa6 16. a5 Qc7 17. Nxd5 Qd6 18. Nb6 Ra7 19. Rac1 Bd8 20. Nxd7 Nxd7 21. Qxc6 Qxc6 22. Rxc6 Bxa5 23. Rxa6 Rea8 24. Rxa7 Rxa7 25. Ra1 Bb6 26. Rxa7 Bxa7 27. Nf4 Nf6 28. Bc4 g5 29. Nd3 Bb8 30. Ne5 Bxe5 31. dxe5 Ne8 32. e6 f6 33. e7+ Kg7 34. g4 f5 35. Bb5 Kf7 36. Bxe8+ Kxe8 37. gxf5 Kxe7 38. Kg2 Kf6 39. e4 h5 40. Kg3 Ke5 41. h4 Kf6 42. hxg5+ Kxg5 43. f4+ 1-0

[Event "ch-Frankfurt A"]
[Site "Frankfurt"]
[Date "2023.06.12"]
[Round "6"]
[White "Vollbracht, Henrik"]
[Black "Staeger, Tim"]
[Result "1/2-1/2"]
[WhiteElo "1488"]
[BlackElo "1615"]
[PlyCount "43"]
[EventDate "2023.04.24"]
[EventType "swiss"]
[EventCountry "GER"]

1. d4 d5 2. Nc3 Nf6 3. Bf4 e6 4. e3 Bd6 5. Bd3 Bxf4 6. exf4 O-O 7. g4 Nc6 8. g5 Ne4 9. Bxe4 dxe4 10. Nge2 b6 11. Qd2 Bb7 12. Qe3 Ne7 13. Nxe4 Nf5 14. Qd3 Qd5 15. f3 Rad8 16. c4 Qa5+ 17. N4c3 Nh4 18. O-O-O Nxf3 19. d5 Nh4 20. Kb1 exd5 21. cxd5 Ng6 22. f5 1/2-1/2

[Event "ch-Frankfurt A"]
[Site "Frankfurt"]
[Date "2023.06.12"]
[Round "6"]
[White "Wachsmann, Dietmar"]
[Black "Philipp, Nils"]
[Result "1-0"]
[WhiteElo "1981"]
[BlackElo "1885"]
[PlyCount "101"]
[EventDate "2023.04.24"]
[EventType "swiss"]
[EventCountry "GER"]

1. e4 c5 2. Nf3 Nc6 3. d4 cxd4 4. Nxd4 g6 5. c4 Bg7 6. Be3 d6 7. Nc3 Nf6 8. Be2 O-O 9. O-O Bd7 10. Qd2 Nxd4 11. Bxd4 Bc6 12. f3 Nd7 13. Be3 a5 14. b3 Nc5 15. Rab1 Qb6 16. Rfc1 Rfc8 17. Rc2 Qb4 18. Qc1 Qb6 19. a3 Qd8 20. b4 axb4 21. axb4 Ne6 22. Qd2 Ra3 23. Rd1 Ba4 24. Nxa4 Rxa4 25. c5 Ra3 26. Bf2 Ra1 27. Rxa1 Bxa1 28. Qd5 dxc5 29. bxc5 Qxd5 30. exd5 Nd4 31. Ra2 Nxe2+ 32. Rxe2 Rc7 33. Ra2 Be5 34. Kf1 Rd7 35. Rd2 Kg7 36. Ke2 Kf6 37. Kd1 Bf4 38. Rd3 h5 39. Kc2 Ke5 40. Bd4+ Kf5 41. g3 Bg5 42. Bc3 e6 43. c6 bxc6 44. dxc6 Rc7 45. Rd7 Rxc6 46. Rxf7+ Bf6 47. Rxf6+ Kg5 48. Rf8 h4 49. g4 Kh6 50. f4 Kh7 51. Rh8# 1-0

[Event "ch-Frankfurt A"]
[Site "Frankfurt"]
[Date "2023.06.12"]
[Round "6"]
[White "Worzelberger, Armin"]
[Black "Lee, Kwan Ho Matthew"]
[Result "1-0"]
[WhiteElo "1613"]
[BlackElo "1597"]
[PlyCount "193"]
[EventDate "2023.04.24"]
[EventType "swiss"]
[EventCountry "GER"]

1. Nf3 Nf6 2. c4 e6 3. Nc3 Bb4 4. Qb3 c5 5. a3 Bxc3 6. bxc3 O-O 7. d4 d6 8. Bg5 Nbd7 9. e3 b6 10. Bf4 Qc7 11. Be2 Bb7 12. Rb1 e5 13. Bg3 Rfe8 14. d5 Nf8 15. O-O Ne4 16. Qc2 f5 17. Nd2 Nxd2 18. Qxd2 Qf7 19. Bd3 Ng6 20. f4 e4 21. Be2 Qd7 22. h4 Qa4 23. h5 Nf8 24. Bh4 Ba6 25. Qa2 Nd7 26. Kh2 Nf6 27. Bf2 Ng4+ 28. Kg3 Rf8 29. Rh1 Rf6 30. Rh4 Rh6 31. Qb3 Qxb3 32. Rxb3 Nf6 33. Rb2 Kf7 34. Kh3 Rg8 35. a4 g5 36. hxg6+ Rgxg6 37. a5 Ng4 38. Bg1 Rxh4+ 39. Kxh4 Rh6+ 40. Kg5 Bc8 41. axb6 axb6 42. Rxb6 Rg6+ 43. Kh4 Rh6+ 44. Kg3 Rg6 45. Bxg4 h5 46. Bh2 hxg4 47. Kf2 Ke7 48. Bg3 Kd7 49. Bh4 Kc7 50. Rc6+ Kd7 51. Kg3 Rg8 52. Bf6 Bb7 53. Rb6 Kc7 54. Rb5 Ba6 55. Ra5 Bxc4 56. Ra7+ Kb6 57. Rd7 Bxd5 58. Rxd6+ Bc6 59. Be7 Re8 60. Re6 c4 61. Kh4 Kc7 62. Kg5 Kd7 63. Kf6 Ba4 64. Rd6+ Kc7 65. Ra6 Bd7 66. Ra5 Rh8 67. Rc5+ Kb6 68. Rxc4 Rh6+ 69. Kg5 Re6 70. Bf6 Rc6 71. Rd4 Be6 72. Rb4+ Ka6 73. Bd8 Bc8 74. Bf6 Be6 75. Be5 Bc8 76. Rb8 Ka7 77. Rxc8 Rxc8 78. Kxf5 Kb7 79. Kxe4 Kc6 80. Kf5 Rg8 81. g3 Kd7 82. Bf6 Kd6 83. e4 Kd7 84. Bg5 Rc8 85. Bf6 Rg8 86. e5 Kc6 87. Bg5 Kd5 88. e6 Kc4 89. Kf6 Kxc3 90. e7 Kd4 91. Kf7 Ra8 92. f5 Ke4 93. f6 Kf5 94. e8=Q Rxe8 95. Kxe8 Kxg5 96. f7 Kf5 97. f8=Q+ 1-0

[Event "ch-Frankfurt A"]
[Site "Frankfurt"]
[Date "2023.06.12"]
[Round "6"]
[White "Zeyen, Helmut"]
[Black "Manasek, Martin"]
[Result "1-0"]
[WhiteElo "1799"]
[BlackElo "1519"]
[PlyCount "75"]
[EventDate "2023.04.24"]
[EventType "swiss"]
[EventCountry "GER"]

1. e4 c6 2. d4 d5 3. f3 dxe4 4. fxe4 Nf6 5. Nc3 e6 6. a3 Be7 7. Nf3 O-O 8. Bd3 b6 9. Ne2 Bb7 10. Be3 Na6 11. Ng3 Rc8 12. c3 Nb8 13. O-O Ng4 14. Bd2 Nf6 15. e5 Ne8 16. Qc2 g6 17. Bh6 Ng7 18. Ne4 c5 19. Nf6+ Bxf6 20. exf6 Nf5 21. Bxf5 exf5 22. Bxf8 Qxf8 23. Qd2 cxd4 24. cxd4 Rd8 25. Qb4 Nc6 26. Qxf8+ Kxf8 27. Rad1 Na5 28. Rfe1 Bd5 29. Re7 Nc6 30. Rc7 h6 31. Ne5 Nxe5 32. dxe5 Ke8 33. Rxa7 g5 34. Rc7 h5 35. Rdc1 Be6 36. Re7+ Kf8 37. Rb7 Rd5 38. Rb8+ 1-0